Ptaki Polski - Nagła Śmierć - Statystyki

Ogólne statystyki
  • Ten quiz został rozwiązany 158 razy
  • Średni wynik to 13 z 30
Answers on the Grid
Answers color-coded by a green-red scale on the quiz's grid according to % correct below.
Bielik amerykański
Sęp płowy
Sójka
Pingwin carski
Bocian biały
Czapla biała
Sekretarz
Kuglarz
Czapla czarna
Bocian czarny
Tkacz
Sikorka bogatka
Sroka
Jatrząb
Gil
Kiwi
Papużka falista
Wróbel
Tukan wielki
Cudowronka krasnopiórka
Sokół wędrowny
Kondor wielki
Orzeł przedni
Głuszec
Podróżniczek
Ibis czczony
Rakojad
Garncarz rdzawy
Kszyk
Głuptak zwyczajny
Wrończyk
Czyż
Krzyżówka
Szczygieł
Kruk
Warzęcha
Jaskółka skalna
Zaganiacz szczebiotliwy
Wieszczak
Tymalia
Jaskółka dymówka
Fulmar
Kukabura chichotliwa
Sierpówka
Rudzik
Nocolot wieki
Szpak
Kowalik
Łabędź niemy
Osetnik
Czubacz Zmienny
Dzięcioł duży
Bażant
Przepiórka
Flaming
Cietrzew
Kakadu
Pójdźka ziemna
Dudek
Czapla Siwa
 
Statystyki odpowiedzi
Odpowiedź % Poprawnych
Sójka
86%
Bocian biały
79%
Sroka
70%
Gil
67%
Czapla biała
64%
Wróbel
59%
Kruk
57%
Jatrząb
55%
Bocian czarny
49%
Sikorka bogatka
49%
Czyż
47%
Szczygieł
47%
Szpak
45%
Dudek
41%
Sokół wędrowny
41%
Bażant
39%
Jaskółka dymówka
39%
Krzyżówka
39%
Głuszec
38%
Przepiórka
36%
Rudzik
36%
Dzięcioł duży
33%
Czapla Siwa
32%
Kowalik
32%
Cietrzew
30%
Orzeł przedni
30%
Kszyk
26%
Łabędź niemy
26%
Sierpówka
26%
Podróżniczek
17%
Nie znaleziono quizów pasujących do podanych kryteriów
Rozkład punktacji
Procent ludzi z każdym wynikiem
Percentyl według liczby udzielonych odpowiedzi
Twoja historia wyników
Nie rozwiązałeś tego quizu